| 000 | 00792nam a22002057a 4500 | ||
|---|---|---|---|
| 005 | 20251108165548.0 | ||
| 008 | 250721s9999 xx 000 0 ara d | ||
| 082 | 1 | 4 | _aط/609/لوت |
| 100 | 1 |
_aلوت، ف _eمؤلف |
|
| 245 | 1 | 0 |
_aالسيطرة على المعادن : _bالمرآه : من دنيا التبرج إلى دنيا العلم ؛ رهط ذاتيات التحرك / |
| 264 | 1 |
_aبيروت : _bمنشورات مكتبة سمير، _c[19-]. |
|
| 300 | _a12ص :مص | ||
| 490 | 0 |
_aمن كل علم خبر : ولادة حضارة الاكتشافات الكبيرة _v4 |
|
| 650 | 1 | 7 | _aالإختراعات |
| 650 | 1 | 7 | _aالتاريخ |
| 653 | _aناشئون صغار (10-14) سنة | ||
| 700 | 1 |
_aسماحه، سمير _eترجمة |
|
| 942 |
_2ddc _cBK |
||
| 999 |
_c30823 _d30823 |
||